UEFA EURO 2012 Qualifying match Montenegro 2:2 England - Lineups - Statistics

General Stats
  • This quiz has been taken 30 times
  • The average score is 15 of 38
Answer Stats
Position Answer % Correct
MF (65') Frank Lampard
89%
FW Wayne Rooney
89%
GK Joe Hart
85%
DF Ashley Cole
81%
DF (C) John Terry
74%
MF (76') Theo Walcott
67%
FW Stevan Jovetić
63%
DF Gary Cahill
56%
DF Stefan Savić
56%
FW (C) Mirko Vučinić
52%
Coach Fabio Capello
48%
DF Leighton Baines
44%
MF (60',0:1) Ashley Young
41%
FW (76') Danny Welbeck
41%
MF Simon Vukčević
41%
MF Gareth Barry
37%
DF Phil Jones
37%
MF Scott Parker
37%
DF (1:2) Elsad Zverotić
33%
GK Mladen Božović
33%
DF (80') Vladimir Božović
33%
FW (65',0:2) Darren Bent
30%
DF Phil Jagielka
30%
MF (60') Stewart Downing
30%
FW (80',2:2) Andrija Delibašić
26%
MF (64') Fatos Bećiraj
26%
DF Miodrag Džudović
26%
FW (64') Dejan Damjanović
22%
DF (46') Milan Jovanović
22%
Coach Branko Brnović
19%
MF Milorad Peković
19%
GK Srđan Blažić
19%
MF (46') Mladen Kašćelan
15%
FW Radomir Đalović
15%
DF Radoslav Batak
15%
MF Marko Ćetković
11%
GK Scott Carson
11%
FW Bobby Zamora
7%
No matching quizzes found
Score Distribution
Percent of People with Each Score
Percentile by Number Answered
Your Score History
You have not taken this quiz